01305nam a22001697a 4500999001700000020001800017082001900035100004400054245009400098260006400192300001000256520065900266650001400925650001900939942001200958952016500970 c39349d39349 a9789383079087 a398.2054bTRA- aVivekananda Kendra Institute of Culture aTraditional Systems of Teh Tangsa and the Tutsa/cVivekananda Kendra Institute of Culture aGuwahati:bVivekananda Kendra Institute of Culture, c2005. a200p. aThe Tangsa and the Tutsa are two of the important communities of Arunachal pradesh . They are inhabitants of Changlang - the district which borders Nagaland. Some of the important initiaves of these two communities in recent time have been the concretizing of their supreme Deity, Rangfraa and the opening of the Rangfraa Mandirs to revitaliza their indigemousfaith and culture. This book is a compilation of the seminar on ' Traditional Systems of the Tangsa and the Tutsa Community of Aruchal Pradesh ' Subject such as judicial sysytem and customary Laws, Rituals, Traditional healing, Marriage System, divination etc. have been included in the volume. aEthnology aSocial systems 2ddccBK 00104070aNASSDOCbNASSDOCd2024-05-24eOverseas Press India PVT LMTg108.30i2024-03-20l0o398.2054 TRA-p54442r2024-05-24 00:00:00v150.00w2024-05-24yBK